000 01327cam a22003617a 4500
003 CHAP
005 20220329141726.0
008 971013s1994 r 00010 d
010 _a72851
011 _a73823
035 _a83381
040 _cCHAP
090 _aTesis
100 0 0 _aDelgado Castillo, Juan Carlos.
_931601
245 0 _aCaracterización y patogenicidad de cuatro virus de la poliedrosis nuclear sobre la palomilla dorso de diamante, Plutella xylostella L. (LEP. Plutellidae)
260 _aChapingo, Méx. :
_bEl autor,
_c1994
300 _a85 h.
_b: ilus.
502 _aTesis (Ing. Agr. Esp. en Parasitología Agrícola) -- UACH. Departamento de Parasitología Agrícola
590 _aALEPH
_b10
_c20130110
_lUCH01
_h1414
590 _aBATCH-UPD
_b10
_c20130110
_lUCH01
_h0134
590 _aBATCH-UPD
_b10
_c20130110
_lUCH01
_h1843
590 _aBATCH-UPD
_b10
_c20130410
_lUCH01
_h1214
590 _aBATCH-UPD
_b10
_c20130914
_lUCH01
_h0519
590 _aCONVERSION
_b10
_c20130109
_lUCH01
_h1340
650 1 4 _aBaculoviridae.
_99345
650 1 4 _aControl de plagas.
_927595
650 1 4 _aInsecticidas biológicos.
_958883
650 1 4 _aPlutella xylostella.
_989328
901 _aBK
942 _cFOLL
949 _bBC
_cTES
_d-37921
_eTS2
_fc.2
_h30112
_i83381
_si
949 _bBC
_cTES
_d-37923
_eTS1
_h30111
_i83381
_si
999 _c72851
_d72851